000
00209nam a22000857a 4500
008
170116b xxu||||| |||| 00| 0 eng d
100
_9
2443
_a
Bailey.R.
245
_a
Physics Education
260
_a
New Delhi
_b
SET
_c
2010
999
_c
5489
_d
5489